000 00607caa a22002052 4500
001 l 40000042
003 DLC
005 20260227111537.0
008 901109r19341934ilu 000 0 eng
010 _al 40000042
040 _aDLC
_cDLC
_dDLC
043 _an-us---
050 0 0 _aHV1
_b.S6 vol. 8, no. 2
100 1 _aAbbott, Grace,
_d1878-1939.
245 1 0 _aRecent trends in mothers' aid.
260 _a[Chicago,
_c1934]
300 _ap. 191-210.
_c24 cm.
650 0 _aMothers' pensions
_zUnited States.
773 1 _tSocial service review.
_dChicago, 1934.
_gv. 8, no. 2, p. 191-210
_w(DLC) 29008588
999 _c36324
_d36324